[Event "Portugal Open 2018"]
[Site "Lisboa POR"]
[Date "2018.02.04"]
[Round "4.11"]
[White "Ruperez Benito, Antonio"]
[Black "Korneev, Oleg"]
[Result "0-1"]
[BlackElo "2554"]
[WhiteElo "2348"]
[LiveChessVersion "1.4.8"]

1. e4 {[%clk 1:30:59]} c5 {[%clk 1:22:51]} 2. Nf3 {[%clk 1:31:21]} e6
{[%clk 1:23:17]} 3. d4 {[%clk 1:31:46]} cxd4 {[%clk 1:23:44]} 4. Nxd4
{[%clk 1:32:13]} Nc6 {[%clk 1:24:10]} 5. Nc3 {[%clk 1:32:39]} a6 {[%clk 1:24:29]}
6. Nxc6 {[%clk 1:31:52]} bxc6 {[%clk 1:24:57]} 7. Bd3 {[%clk 1:32:06]} d5
{[%clk 1:25:26]} 8. O-O {[%clk 1:32:13]} Nf6 {[%clk 1:25:54]} 9. Qe2
{[%clk 1:31:39]} Be7 {[%clk 1:26:23]} 10. e5 {[%clk 1:24:12]} Nd7
{[%clk 1:26:46]} 11. Na4 {[%clk 1:23:35]} Qc7 {[%clk 1:25:01]} 12. Re1
{[%clk 1:21:14]} O-O {[%clk 1:23:25]} 13. Bf4 {[%clk 1:15:34]} c5
{[%clk 1:19:12]} 14. c4 {[%clk 1:13:06]} dxc4 {[%clk 1:16:58]} 15. Bxc4
{[%clk 1:10:33]} Bb7 {[%clk 1:14:49]} 16. Qg4 {[%clk 1:04:31]} Rfd8
{[%clk 1:12:59]} 17. b3 {[%clk 0:56:01]} Nf8 {[%clk 1:13:20]} 18. Rad1
{[%clk 0:53:10]} Ng6 {[%clk 1:12:01]} 19. Bg3 {[%clk 0:51:16]} Rxd1
{[%clk 1:11:00]} 20. Qxd1 {[%clk 0:51:36]} Rd8 {[%clk 1:06:47]} 21. Qe2
{[%clk 0:50:29]} Qc6 {[%clk 1:02:55]} 22. f3 {[%clk 0:49:44]} h5 {[%clk 1:02:42]}
23. Bd3 {[%clk 0:47:45]} h4 {[%clk 0:56:42]} 24. Be4 Qc7 {[%clk 0:45:19]} 25.
Bxb7 {[%clk 0:44:18]} hxg3 {[%clk 0:36:36]} 26. Bxa6 {[%clk 0:40:26]} gxh2+
{[%clk 0:33:43]} 27. Kxh2 {[%clk 0:40:32]} Bf6 {[%clk 0:27:26]} 28. g3
{[%clk 0:26:40]} Bxe5 {[%clk 0:27:49]} 29. Qf2 {[%clk 0:26:24]} Bd4
{[%clk 0:23:04]} 30. Qf1 {[%clk 0:24:29]} Rd5 {[%clk 0:23:01]} 31. f4
{[%clk 0:24:10]} Rh5+ {[%clk 0:23:01]} 0-1

[Event "Portugal Open 2018"]
[Site "Lisboa POR"]
[Date "2018.02.04"]
[Round "4.12"]
[White "Alshameary Puente, Ismael"]
[Black "Perez Ponsa, Federico"]
[Result "1/2-1/2"]
[BlackElo "2553"]
[WhiteElo "2339"]
[LiveChessVersion "1.4.8"]

1. d4 {[%clk 1:30:58]} Nf6 {[%clk 1:29:55]} 2. c4 {[%clk 1:31:23]} e6
{[%clk 1:30:20]} 3. Nc3 {[%clk 1:31:49]} Bb4 {[%clk 1:30:44]} 4. e3
{[%clk 1:32:12]} O-O {[%clk 1:31:00]} 5. Bd3 {[%clk 1:32:37]} c5 {[%clk 1:30:27]}
6. Nf3 {[%clk 1:32:42]} Nc6 {[%clk 1:30:39]} 7. O-O {[%clk 1:31:56]} Bxc3
{[%clk 1:30:51]} 8. bxc3 {[%clk 1:32:15]} d6 {[%clk 1:31:16]} 9. e4
{[%clk 1:32:35]} e5 {[%clk 1:31:32]} 10. d5 {[%clk 1:33:00]} Ne7 {[%clk 1:31:57]}
11. Nh4 {[%clk 1:33:26]} h6 {[%clk 1:27:53]} 12. h3 {[%clk 1:24:58]} Ng6 13. Nf5
Nh7 {[%clk 1:27:21]} 14. g3 {[%clk 1:19:08]} Qf6 {[%clk 1:23:40]} 15. Rb1
{[%clk 1:12:08]} Ne7 {[%clk 1:13:06]} 16. Qh5 {[%clk 0:59:22]} Nxf5
{[%clk 1:05:47]} 17. exf5 {[%clk 0:59:34]} Re8 {[%clk 1:03:36]} 18. Re1
{[%clk 0:56:14]} e4 {[%clk 0:52:52]} 19. Rxe4 {[%clk 0:53:15]} Rxe4
{[%clk 0:52:55]} 20. Bxe4 {[%clk 0:53:40]} Ng5 {[%clk 0:52:58]} 21. Bxg5
{[%clk 0:50:46]} hxg5 {[%clk 0:53:18]} 22. g4 {[%clk 0:43:55]} b6
{[%clk 0:47:23]} 23. Re1 {[%clk 0:40:23]} Bd7 {[%clk 0:44:45]} 24. Re3
{[%clk 0:36:36]} Qh6 {[%clk 0:44:38]} 25. Qxh6 {[%clk 0:37:00]} gxh6
{[%clk 0:45:06]} 26. Bd3 {[%clk 0:36:31]} Kg7 {[%clk 0:43:41]} 27. Kg2
{[%clk 0:35:32]} Re8 1/2-1/2

[Event "Portugal Open 2018"]
[Site "Lisboa POR"]
[Date "2018.02.04"]
[Round "4.13"]
[White "Santos Latasa, Jaime"]
[Black "Balbuena Fuentes, Mario"]
[Result "1-0"]
[BlackElo "2282"]
[WhiteElo "2546"]
[LiveChessVersion "1.4.8"]

1. d4 {[%clk 1:30:57]} e6 {[%clk 1:30:30]} 2. Nf3 {[%clk 1:31:10]} f5
{[%clk 1:30:16]} 3. g3 {[%clk 1:31:34]} Nf6 {[%clk 1:30:14]} 4. Bg2
{[%clk 1:31:58]} d5 {[%clk 1:29:49]} 5. O-O {[%clk 1:32:22]} Bd6 {[%clk 1:29:35]}
6. c4 {[%clk 1:32:46]} c6 {[%clk 1:29:21]} 7. b3 {[%clk 1:33:01]} Qe7
{[%clk 1:29:02]} 8. Bb2 {[%clk 1:33:22]} b6 {[%clk 1:28:10]} 9. Qc2
{[%clk 1:32:30]} O-O {[%clk 1:24:17]} 10. Ne5 {[%clk 1:31:52]} Bb7
{[%clk 1:21:36]} 11. Nd2 {[%clk 1:31:42]} Na6 {[%clk 1:18:38]} 12. e3
{[%clk 1:30:20]} Rac8 {[%clk 1:15:03]} 13. Rac1 {[%clk 1:29:36]} c5
{[%clk 1:11:20]} 14. dxc5 {[%clk 1:28:12]} Nxc5 {[%clk 1:08:09]} 15. Qb1
{[%clk 1:28:28]} Nfe4 {[%clk 1:00:15]} 16. Rfd1 {[%clk 1:26:53]} Rfd8
{[%clk 0:57:09]} 17. Ndf3 {[%clk 1:22:44]} Bb8 {[%clk 0:50:47]} 18. Bd4
{[%clk 1:21:11]} dxc4 {[%clk 0:46:26]} 19. Nxc4 {[%clk 1:20:41]} Bd5
{[%clk 0:44:19]} 20. Qb2 {[%clk 1:19:15]} Bxc4 {[%clk 0:36:53]} 21. bxc4
{[%clk 1:19:36]} e5 {[%clk 0:36:41]} 22. Bxc5 {[%clk 1:19:49]} Nxc5
{[%clk 0:35:31]} 23. Bf1 {[%clk 1:20:14]} e4 {[%clk 0:32:20]} 24. Nd4
{[%clk 1:20:29]} g6 {[%clk 0:31:53]} 25. Rd2 {[%clk 1:19:39]} Be5
{[%clk 0:30:15]} 26. Rcd1 {[%clk 1:18:58]} Rd7 {[%clk 0:15:46]} 27. Qa3
{[%clk 1:17:21]} Nd3 {[%clk 0:13:13]} 28. Qa6 {[%clk 1:07:38]} Rdc7
{[%clk 0:07:22]} 29. Bxd3 {[%clk 1:07:31]} exd3 {[%clk 0:07:46]} 30. Nb5
{[%clk 1:06:51]} Rxc4 {[%clk 0:06:45]} 31. Nxa7 {[%clk 1:06:52]} R8c7
{[%clk 0:06:45]} 32. Nb5 {[%clk 1:07:05]} Rd7 {[%clk 0:05:40]} 33. Rxd3
{[%clk 1:04:21]} Rxd3 {[%clk 0:06:02]} 34. Rxd3 {[%clk 1:04:47]} Rc1+
{[%clk 0:06:09]} 35. Kg2 {[%clk 1:05:11]} Bf6 {[%clk 0:04:09]} 36. Nd6
{[%clk 1:03:49]} Kg7 {[%clk 0:01:37]} 37. Qb5 {[%clk 1:03:44]} Rc5
{[%clk 0:01:23]} 38. Qxb6 {[%clk 1:03:53]} Re5 {[%clk 0:01:01]} 39. Qc6
{[%clk 1:03:00]} Re6 {[%clk 0:01:04]} 40. Qd5 {[%clk 1:03:23]} Re5
{[%clk 0:00:58]} 41. Qa8 {[%clk 1:03:33]} Re6 {[%clk 0:00:56]} 42. Nc4
{[%clk 1:03:52]} Kh6 {[%clk 0:00:44]} 43. a4 {[%clk 1:03:44]} Qc5
{[%clk 0:00:51]} 44. Nd6 {[%clk 1:03:32]} Be7 {[%clk 0:00:34]} 45. Nb5
{[%clk 1:03:23]} Rc6 {[%clk 0:00:36]} 46. Qg8 {[%clk 1:03:10]} Rc8
{[%clk 0:00:38]} 47. Qf7 {[%clk 1:03:28]} Qc6+ {[%clk 0:00:56]} 48. Qd5
{[%clk 1:03:42]} Qc2 {[%clk 0:00:51]} 49. Rd4 {[%clk 0:58:15]} Bf6
{[%clk 0:01:14]} 50. Rb4 {[%clk 0:58:28]} Rd8 {[%clk 0:00:34]} 51. Nd6
{[%clk 0:57:16]} Kh5 {[%clk 0:00:35]} 52. Qf3+ {[%clk 0:57:36]} 1-0

[Event "Portugal Open 2018"]
[Site "Lisboa POR"]
[Date "2018.02.04"]
[Round "4.14"]
[White "Colijn, Stefan"]
[Black "Spraggett, Kevin Barry"]
[Result "1/2-1/2"]
[BlackElo "2535"]
[WhiteElo "2311"]
[LiveChessVersion "1.4.8"]

1. d4 {[%clk 1:27:49]} Nf6 {[%clk 1:30:45]} 2. Nf3 {[%clk 1:27:34]} g6
{[%clk 1:30:52]} 3. g3 {[%clk 1:27:43]} Bg7 {[%clk 1:31:11]} 4. Bg2
{[%clk 1:28:09]} O-O {[%clk 1:31:31]} 5. b3 {[%clk 1:27:16]} c5 {[%clk 1:30:42]}
6. Bb2 {[%clk 1:25:09]} cxd4 {[%clk 1:30:40]} 7. Nxd4 {[%clk 1:21:29]} d5
{[%clk 1:30:48]} 8. e3 {[%clk 1:14:25]} Re8 {[%clk 1:28:37]} 9. O-O
{[%clk 1:12:22]} e5 {[%clk 1:27:16]} 10. Ne2 {[%clk 1:11:20]} Nc6
{[%clk 1:27:24]} 11. Nd2 {[%clk 0:58:48]} Bg4 {[%clk 1:23:39]} 12. h3
{[%clk 0:58:32]} Be6 {[%clk 1:23:42]} 13. c4 {[%clk 0:55:10]} Rc8
{[%clk 1:23:07]} 14. cxd5 {[%clk 0:53:19]} Bxd5 {[%clk 1:22:26]} 15. e4
{[%clk 0:49:41]} Be6 {[%clk 1:22:13]} 16. Rc1 {[%clk 0:45:39]} Qa5
{[%clk 1:17:31]} 17. Nc3 {[%clk 0:35:03]} Rcd8 {[%clk 1:01:54]} 18. Qe2
{[%clk 0:34:34]} Nd4 {[%clk 1:01:13]} 19. Qe3 {[%clk 0:34:58]} b5
{[%clk 0:58:37]} 20. Rfd1 {[%clk 0:34:18]} Nh5 {[%clk 0:48:08]} 21. Nf1
{[%clk 0:16:41]} a6 {[%clk 0:41:45]} 22. Rd2 {[%clk 0:15:10]} Rc8
{[%clk 0:42:02]} 23. Nd5 {[%clk 0:12:32]} Rxc1 {[%clk 0:30:51]} 24. Bxc1
{[%clk 0:12:52]} Qd8 {[%clk 0:30:29]} 25. Bb2 {[%clk 0:11:33]} Qd7
{[%clk 0:29:24]} 26. Kh2 {[%clk 0:11:20]} Bxd5 {[%clk 0:27:23]} 27. exd5
{[%clk 0:11:46]} f5 {[%clk 0:26:06]} 28. Rd1 {[%clk 0:10:23]} f4 {[%clk 0:23:51]}
29. Qd3 {[%clk 0:10:23]} Rf8 {[%clk 0:20:49]} 30. Nd2 {[%clk 0:08:31]} fxg3+
{[%clk 0:15:21]} 31. fxg3 {[%clk 0:08:47]} Rf2 {[%clk 0:15:09]} 32. Bxd4
{[%clk 0:07:57]} exd4 {[%clk 0:13:06]} 33. Rf1 {[%clk 0:08:25]} Rxf1
{[%clk 0:12:17]} 34. Qxf1 {[%clk 0:07:14]} Be5 {[%clk 0:12:06]} 35. Ne4
{[%clk 0:06:49]} Kg7 {[%clk 0:11:37]} 36. Qd3 {[%clk 0:04:18]} Qxd5
{[%clk 0:09:15]} 37. Nf6 {[%clk 0:04:44]} Qe6 {[%clk 0:08:44]} 38. Nxh5+
{[%clk 0:05:00]} gxh5 {[%clk 0:09:12]} 39. Kg1 {[%clk 0:04:42]} Qd6
{[%clk 0:08:30]} 40. Kf2 {[%clk 0:03:42]} h6 {[%clk 0:07:52]} 41. Be4
{[%clk 0:03:21]} h4 {[%clk 0:07:25]} 42. gxh4 {[%clk 0:03:33]} Qf6+
{[%clk 0:07:49]} 43. Ke2 {[%clk 0:03:54]} Qxh4 {[%clk 0:08:11]} 44. Qf3
{[%clk 0:04:17]} a5 1/2-1/2

[Event "Portugal Open 2018"]
[Site "Lisboa POR"]
[Date "2018.02.04"]
[Round "4.15"]
[White "Ding, Tze How Dilwen"]
[Black "Repka, Christopher"]
[Result "0-1"]
[BlackElo "2513"]
[WhiteElo "2306"]
[LiveChessVersion "1.4.8"]

1. d4 {[%clk 1:30:57]} Nf6 {[%clk 1:30:39]} 2. Nf3 {[%clk 1:31:20]} e6
{[%clk 1:31:06]} 3. c4 {[%clk 1:31:44]} b6 {[%clk 1:31:13]} 4. g3
{[%clk 1:32:07]} Ba6 {[%clk 1:31:38]} 5. Qb3 {[%clk 1:32:19]} Bb7
{[%clk 1:32:02]} 6. Bg2 {[%clk 1:32:16]} c5 {[%clk 1:32:28]} 7. dxc5
{[%clk 1:31:21]} Bxc5 {[%clk 1:32:53]} 8. Nc3 {[%clk 1:29:58]} O-O
{[%clk 1:33:12]} 9. O-O {[%clk 1:29:53]} Be7 {[%clk 1:33:28]} 10. Rd1
{[%clk 1:27:08]} Na6 {[%clk 1:33:54]} 11. Ne5 {[%clk 1:21:47]} Bxg2
{[%clk 1:33:45]} 12. Kxg2 {[%clk 1:22:10]} Qc7 {[%clk 1:32:56]} 13. Bf4
{[%clk 1:18:35]} g5 {[%clk 1:32:24]} 14. Nb5 {[%clk 1:13:05]} Qb7+
{[%clk 1:32:42]} 15. Kh3 {[%clk 1:13:25]} Nc5 {[%clk 1:30:55]} 16. Qc2
{[%clk 1:11:14]} gxf4 {[%clk 1:31:10]} 17. gxf4 {[%clk 1:11:19]} Qe4
{[%clk 1:31:35]} 18. Rg1+ {[%clk 1:10:26]} Kh8 {[%clk 1:32:01]} 19. Qd2
{[%clk 1:10:41]} Qf5+ {[%clk 1:28:19]} 20. Kg2 {[%clk 1:11:03]} Nce4 0-1

[Event "Portugal Open 2018"]
[Site "Lisboa POR"]
[Date "2018.02.04"]
[Round "4.16"]
[White "Borsos, Bogdan"]
[Black "Arizmendi Martinez, Julen Luis"]
[Result "1/2-1/2"]
[BlackElo "2508"]
[WhiteElo "2301"]
[LiveChessVersion "1.4.8"]

1. Nf3 {[%clk 1:21:51]} d5 {[%clk 1:27:08]} 2. g3 {[%clk 1:21:10]} Nf6
{[%clk 1:24:59]} 3. Bg2 {[%clk 1:21:19]} c6 {[%clk 1:25:10]} 4. O-O
{[%clk 1:21:01]} Bf5 {[%clk 1:25:19]} 5. d3 {[%clk 1:20:58]} e6 {[%clk 1:25:05]}
6. c4 {[%clk 1:21:23]} dxc4 {[%clk 1:19:43]} 7. dxc4 {[%clk 1:21:28]} Qxd1
{[%clk 1:19:32]} 8. Rxd1 {[%clk 1:21:51]} Nbd7 {[%clk 1:16:57]} 9. b3
{[%clk 1:19:30]} h6 {[%clk 0:52:24]} 10. Bb2 {[%clk 1:15:56]} Bh7
{[%clk 0:39:33]} 11. Ne5 {[%clk 1:15:16]} Nxe5 {[%clk 0:39:08]} 12. Bxe5
{[%clk 1:15:39]} Bb4 {[%clk 0:32:01]} 13. a3 {[%clk 1:01:43]} Bc5
{[%clk 0:32:08]} 14. Bxf6 {[%clk 1:00:10]} gxf6 {[%clk 0:32:08]} 15. b4
{[%clk 1:00:37]} Bb6 {[%clk 0:29:05]} 16. Nc3 {[%clk 0:58:39]} Ke7
{[%clk 0:28:22]} 17. c5 {[%clk 0:57:42]} Bc7 {[%clk 0:27:58]} 18. f4
{[%clk 0:57:31]} Rad8 {[%clk 0:21:04]} 19. Be4 {[%clk 0:50:37]} f5
{[%clk 0:20:20]} 20. Bc2 {[%clk 0:50:22]} Bg6 {[%clk 0:13:12]} 21. Kf2
{[%clk 0:49:28]} f6 {[%clk 0:10:59]} 1/2-1/2

[Event "Portugal Open 2018"]
[Site "Lisboa POR"]
[Date "2018.02.04"]
[Round "4.17"]
[White "Fidalgo, Andre Neves"]
[Black "Galego, Luis"]
[Result "1/2-1/2"]
[BlackElo "2481"]
[WhiteElo "2205"]
[LiveChessVersion "1.4.8"]

1. d4 {[%clk 1:30:40]} Nf6 {[%clk 1:25:22]} 2. Nf3 {[%clk 1:30:59]} d6
{[%clk 1:25:07]} 3. g3 {[%clk 1:31:14]} Nbd7 {[%clk 1:25:20]} 4. Bg2
{[%clk 1:30:03]} e5 {[%clk 1:24:50]} 5. c4 {[%clk 1:26:43]} c6 {[%clk 1:23:17]}
6. dxe5 {[%clk 1:22:44]} dxe5 {[%clk 1:23:12]} 7. O-O {[%clk 1:23:06]} Be7
{[%clk 1:22:41]} 8. Nc3 {[%clk 1:23:19]} O-O {[%clk 1:22:31]} 9. h3
{[%clk 1:18:49]} Qc7 {[%clk 1:21:07]} 10. Be3 {[%clk 1:18:38]} Re8
{[%clk 1:18:32]} 11. Qc2 {[%clk 1:15:46]} Bc5 {[%clk 1:14:57]} 12. Bxc5
{[%clk 1:08:10]} Nxc5 {[%clk 1:15:16]} 13. b4 {[%clk 1:05:15]} Ne6
{[%clk 1:12:55]} 14. e3 {[%clk 1:03:11]} a5 {[%clk 1:12:21]} 15. a3
{[%clk 1:02:56]} g6 {[%clk 1:11:15]} 16. Rfd1 {[%clk 0:59:06]} Ng7
{[%clk 1:09:37]} 17. Ng5 {[%clk 0:54:19]} Bf5 {[%clk 1:09:00]} 18. Nce4
{[%clk 0:48:02]} Nxe4 {[%clk 1:09:11]} 19. Bxe4 {[%clk 0:48:21]} axb4
{[%clk 1:00:48]} 20. axb4 {[%clk 0:47:18]} Rxa1 {[%clk 1:01:07]} 21. Rxa1
{[%clk 0:47:44]} Qe7 {[%clk 0:59:06]} 22. Bxf5 {[%clk 0:43:15]} gxf5
{[%clk 0:58:48]} 23. Nf3 {[%clk 0:41:16]} Qxb4 {[%clk 0:58:27]} 24. Rb1
{[%clk 0:41:28]} Qe7 {[%clk 0:58:41]} 25. Qb2 {[%clk 0:41:37]} f4
{[%clk 0:58:28]} 26. Qxb7 {[%clk 0:27:19]} fxe3 {[%clk 0:58:02]} 27. Qxe7
{[%clk 0:26:19]} exf2+ {[%clk 0:57:33]} 28. Kxf2 {[%clk 0:26:44]} Rxe7
{[%clk 0:57:59]} 29. Rb8+ {[%clk 0:27:07]} Ne8 {[%clk 0:57:40]} 30. Rc8
{[%clk 0:26:48]} f6 {[%clk 0:54:49]} 31. Rxc6 {[%clk 0:26:26]} Ra7
{[%clk 0:55:05]} 32. Nh4 {[%clk 0:18:39]} Kf7 {[%clk 0:53:56]} 33. Nf5
{[%clk 0:18:53]} h5 {[%clk 0:53:40]} 34. g4 {[%clk 0:17:47]} hxg4
{[%clk 0:53:35]} 35. hxg4 {[%clk 0:18:12]} Rc7 {[%clk 0:42:23]} 36. Kg3 1/2-1/2

[Event "Portugal Open 2018"]
[Site "Lisboa POR"]
[Date "2018.02.04"]
[Round "4.18"]
[White "Hasman, Cengiz"]
[Black "Anurag, Mhamal"]
[Result "0-1"]
[BlackElo "2476"]
[WhiteElo "2161"]
[LiveChessVersion "1.4.8"]

1. d4 {[%clk 1:22:58]} Nf6 {[%clk 1:30:48]} 2. Bf4 {[%clk 1:23:11]} g6
{[%clk 1:30:07]} 3. Nc3 {[%clk 1:23:36]} d5 {[%clk 1:29:41]} 4. e3
{[%clk 1:23:50]} c6 {[%clk 1:28:48]} 5. h4 {[%clk 1:16:18]} Bg7 {[%clk 1:19:05]}
6. Bd3 {[%clk 1:14:22]} Bg4 {[%clk 1:00:56]} 7. f3 {[%clk 1:13:52]} Bc8
{[%clk 1:01:23]} 8. Nge2 {[%clk 1:10:43]} O-O {[%clk 0:55:11]} 9. g4
{[%clk 1:07:33]} c5 {[%clk 0:55:12]} 10. b3 {[%clk 0:59:45]} Nc6 {[%clk 0:53:19]}
11. Bb5 {[%clk 0:54:03]} Qa5 {[%clk 0:36:22]} 12. Qd2 {[%clk 0:47:57]} e5
{[%clk 0:33:34]} 13. dxe5 {[%clk 0:44:16]} Nd7 {[%clk 0:20:25]} 14. Bxc6
{[%clk 0:30:06]} bxc6 {[%clk 0:20:54]} 15. Na4 {[%clk 0:27:52]} Qd8
{[%clk 0:20:21]} 16. Kf2 {[%clk 0:22:15]} Qe7 {[%clk 0:19:22]} 17. Rag1
{[%clk 0:16:29]} Ba6 {[%clk 0:14:21]} 18. Ng3 {[%clk 0:10:55]} Nxe5
{[%clk 0:11:38]} 19. Qa5 {[%clk 0:10:24]} Bb5 {[%clk 0:10:11]} 20. Nc3
{[%clk 0:10:37]} c4 {[%clk 0:05:31]} 21. Nxb5 {[%clk 0:09:58]} cxb5
{[%clk 0:05:56]} 22. Qxb5 {[%clk 0:08:06]} Rac8 {[%clk 0:06:07]} 23. b4
{[%clk 0:05:18]} Rfd8 {[%clk 0:02:46]} 24. Ne2 {[%clk 0:04:31]} a6
{[%clk 0:01:13]} 25. Qa5 {[%clk 0:03:06]} Nc6 {[%clk 0:01:11]} 26. Qc5
{[%clk 0:03:14]} Qb7 {[%clk 0:01:37]} 27. Rb1 {[%clk 0:02:03]} Bf8
{[%clk 0:01:41]} 0-1

[Event "Portugal Open 2018"]
[Site "Lisboa POR"]
[Date "2018.02.04"]
[Round "4.20"]
[White "Hill, Alistair"]
[Black "Fernandes, Antonio"]
[Result "1-0"]
[BlackElo "2443"]
[WhiteElo "2159"]
[LiveChessVersion "1.4.8"]

1. Nf3 {[%clk 1:28:53]} Nf6 {[%clk 1:25:28]} 2. c4 {[%clk 1:28:51]} g6
{[%clk 1:24:53]} 3. Nc3 {[%clk 1:29:08]} d5 {[%clk 1:24:16]} 4. d4
{[%clk 1:25:00]} Bg7 {[%clk 1:23:08]} 5. cxd5 {[%clk 1:25:28]} Nxd5
{[%clk 1:23:30]} 6. e4 {[%clk 1:25:56]} Nxc3 {[%clk 1:23:43]} 7. bxc3
{[%clk 1:26:24]} O-O {[%clk 1:23:41]} 8. Be3 {[%clk 1:20:31]} c5 {[%clk 1:23:32]}
9. Be2 {[%clk 1:20:51]} Qa5 {[%clk 1:21:11]} 10. O-O {[%clk 1:15:23]} Rd8
{[%clk 1:18:45]} 11. Qb3 {[%clk 1:14:42]} b6 {[%clk 1:15:42]} 12. Rad1
{[%clk 1:10:51]} cxd4 {[%clk 1:00:11]} 13. Nxd4 {[%clk 0:52:03]} Bd7
{[%clk 0:45:43]} 14. Bc4 {[%clk 0:20:55]} Ba4 {[%clk 0:10:26]} 15. Bxf7+
{[%clk 0:21:12]} Kh8 {[%clk 0:10:54]} 16. Ne6 {[%clk 0:21:35]} Rxd1
{[%clk 0:10:34]} 17. Rxd1 {[%clk 0:22:03]} Nc6 {[%clk 0:09:57]} 18. Qd5
{[%clk 0:22:31]} Qxd5 {[%clk 0:06:56]} 19. Rxd5 {[%clk 0:22:53]} Bxc3
{[%clk 0:06:51]} 20. Bh6 {[%clk 0:17:34]} Nb4 {[%clk 0:03:41]} 21. e5
{[%clk 0:17:42]} Rg8 {[%clk 0:04:09]} 22. Rd8 {[%clk 0:17:38]} 1-0

[Event "Portugal Open 2018"]
[Site "Lisboa POR"]
[Date "2018.02.04"]
[Round "4.21"]
[White "Ferreira, Hugo Miguel Da Costa"]
[Black "Froewis, Georg"]
[Result "0-1"]
[BlackElo "2428"]
[WhiteElo "2158"]
[LiveChessVersion "1.4.8"]

1. d4 {[%clk 1:24:40]} c5 {[%clk 1:30:54]} 2. c3 {[%clk 1:23:14]} e6
{[%clk 1:31:06]} 3. Nf3 {[%clk 1:22:44]} Nf6 {[%clk 1:31:21]} 4. Bf4
{[%clk 1:22:57]} Nc6 {[%clk 1:31:45]} 5. e3 {[%clk 1:23:17]} d5 {[%clk 1:30:23]}
6. Nbd2 {[%clk 1:23:03]} cxd4 {[%clk 1:30:43]} 7. exd4 {[%clk 1:23:16]} Nh5
{[%clk 1:31:08]} 8. Bg5 {[%clk 1:19:54]} f6 {[%clk 1:31:33]} 9. Be3
{[%clk 1:20:09]} Bd6 {[%clk 1:31:29]} 10. c4 {[%clk 0:59:06]} O-O
{[%clk 1:30:21]} 11. cxd5 {[%clk 0:53:07]} exd5 {[%clk 1:30:49]} 12. g3
{[%clk 0:44:11]} f5 {[%clk 1:25:12]} 13. Nh4 {[%clk 0:41:19]} g6 {[%clk 1:23:16]}
14. Ng2 {[%clk 0:37:52]} f4 {[%clk 1:22:41]} 15. gxf4 {[%clk 0:37:49]} Nxf4
{[%clk 1:22:28]} 16. h4 {[%clk 0:36:19]} Qe7 {[%clk 1:18:39]} 17. Nxf4
{[%clk 0:36:00]} Bxf4 {[%clk 1:18:40]} 18. Qb3 {[%clk 0:34:04]} Bg4
{[%clk 1:08:32]} 19. Qxd5+ {[%clk 0:28:34]} Kg7 {[%clk 1:08:48]} 20. Be2
{[%clk 0:28:54]} Bxe3 {[%clk 1:08:55]} 21. fxe3 {[%clk 0:29:20]} Qxe3
{[%clk 1:09:01]} 22. Qe4 {[%clk 0:25:52]} Qxe4 {[%clk 1:07:52]} 23. Nxe4
{[%clk 0:26:16]} Rae8 {[%clk 1:08:03]} 0-1

[Event "Portugal Open 2018"]
[Site "Lisboa POR"]
[Date "2018.02.04"]
[Round "4.22"]
[White "Campora, Daniel"]
[Black "Godzwon, Iwo"]
[Result "1-0"]
[BlackElo "2240"]
[WhiteElo "2426"]
[LiveChessVersion "1.4.8"]

1. e4 {[%clk 1:30:57]} c5 {[%clk 1:30:57]} 2. Nf3 {[%clk 1:31:22]} Nc6
{[%clk 1:31:22]} 3. Bb5 {[%clk 1:31:45]} d6 {[%clk 1:31:48]} 4. O-O
{[%clk 1:31:57]} Bd7 {[%clk 1:32:16]} 5. Re1 {[%clk 1:31:01]} Nf6
{[%clk 1:32:42]} 6. c3 {[%clk 1:30:33]} a6 {[%clk 1:33:09]} 7. Bf1
{[%clk 1:30:39]} Bg4 {[%clk 1:33:36]} 8. d3 {[%clk 1:28:28]} g6 {[%clk 1:32:07]}
9. Nbd2 {[%clk 1:28:13]} Bg7 {[%clk 1:32:31]} 10. h3 {[%clk 1:28:18]} Bxf3
{[%clk 1:32:56]} 11. Nxf3 {[%clk 1:28:28]} O-O {[%clk 1:33:13]} 12. d4
{[%clk 1:27:41]} b5 {[%clk 1:31:46]} 13. d5 {[%clk 1:26:09]} Na5 {[%clk 1:30:58]}
14. a4 {[%clk 1:21:55]} c4 {[%clk 1:28:22]} 15. axb5 {[%clk 1:18:59]} axb5
{[%clk 1:28:38]} 16. Nd4 {[%clk 1:18:07]} Qd7 {[%clk 1:26:28]} 17. Ra3
{[%clk 1:11:54]} Rfc8 {[%clk 1:23:35]} 18. Bd2 {[%clk 1:07:22]} Nb7
{[%clk 1:20:08]} 19. Qa1 {[%clk 0:57:21]} Rxa3 {[%clk 1:19:33]} 20. Qxa3
{[%clk 0:57:46]} Nc5 {[%clk 1:19:05]} 21. f3 {[%clk 0:57:55]} Ne8
{[%clk 1:18:47]} 22. Nc6 {[%clk 0:52:16]} Nb3 {[%clk 1:18:11]} 23. Bg5
{[%clk 0:46:57]} f6 {[%clk 1:06:51]} 24. Be3 {[%clk 0:46:20]} Bf8
{[%clk 0:59:55]} 25. Qa6 {[%clk 0:43:37]} Nc7 {[%clk 0:59:15]} 26. Qb7
{[%clk 0:43:58]} e6 {[%clk 0:56:18]} 27. dxe6 {[%clk 0:41:44]} Qxe6
{[%clk 0:56:39]} 28. Na7 {[%clk 0:41:56]} Ra8 {[%clk 0:54:03]} 29. Qxc7
{[%clk 0:42:02]} d5 {[%clk 0:54:19]} 30. Qb7 {[%clk 0:39:18]} Rd8
{[%clk 0:54:15]} 31. Qxb5 {[%clk 0:38:56]} Qe5 {[%clk 0:54:07]} 32. Nc6
{[%clk 0:38:10]} Qg3 {[%clk 0:54:33]} 33. Bf2 {[%clk 0:35:13]} Bc5
{[%clk 0:54:31]} 34. Qxc5 {[%clk 0:34:58]} 1-0

[Event "Portugal Open 2018"]
[Site "Lisboa POR"]
[Date "2018.02.04"]
[Round "4.23"]
[White "Sousa, Andre Ventura"]
[Black "Apanasenok, Alexander"]
[Result "1-0"]
[BlackElo "2236"]
[WhiteElo "2405"]
[LiveChessVersion "1.4.8"]

1. e4 {[%clk 1:30:57]} d6 {[%clk 1:25:26]} 2. d4 {[%clk 1:31:23]} Nf6
{[%clk 1:25:52]} 3. Nc3 {[%clk 1:31:49]} e5 {[%clk 1:26:17]} 4. Nf3
{[%clk 1:32:16]} Nbd7 {[%clk 1:26:44]} 5. Bc4 {[%clk 1:32:40]} Be7
{[%clk 1:27:10]} 6. a4 {[%clk 1:33:07]} O-O {[%clk 1:27:31]} 7. O-O
{[%clk 1:33:29]} c6 {[%clk 1:27:29]} 8. Re1 {[%clk 1:33:49]} exd4
{[%clk 1:24:14]} 9. Qxd4 {[%clk 1:34:10]} Ne5 {[%clk 1:24:25]} 10. Nxe5
{[%clk 1:33:12]} dxe5 {[%clk 1:24:15]} 11. Qxe5 {[%clk 1:33:31]} Ng4
{[%clk 1:15:53]} 12. Qf4 {[%clk 1:30:45]} Bd6 {[%clk 1:15:59]} 13. e5
{[%clk 0:36:58]} Nxe5 {[%clk 1:13:48]} 14. Rxe5 Qc7 {[%clk 1:12:43]} 15. Bxf7+
{[%clk 0:37:22]} Kh8 {[%clk 1:12:21]} 16. Qh4 {[%clk 0:37:19]} Bxe5
{[%clk 1:11:04]} 17. Bg6 {[%clk 0:37:41]} h6 {[%clk 1:11:03]} 18. Bxh6
{[%clk 0:21:00]} gxh6 {[%clk 1:10:15]} 19. Qxh6+ {[%clk 0:21:27]} Kg8
{[%clk 1:10:33]} 20. Bd3 {[%clk 0:21:49]} Qf7 {[%clk 1:02:16]} 21. Ne4
{[%clk 0:22:13]} Bg7 {[%clk 0:25:11]} 22. Qh4 {[%clk 0:21:52]} Bd4
{[%clk 0:18:11]} 23. c3 {[%clk 0:16:54]} Bxf2+ {[%clk 0:17:25]} 24. Nxf2
{[%clk 0:16:59]} Bf5 {[%clk 0:17:16]} 25. Bc4 {[%clk 0:15:21]} Be6
{[%clk 0:17:40]} 26. Qg3+ {[%clk 0:11:38]} Kh7 {[%clk 0:17:37]} 27. Ne4
{[%clk 0:10:50]} Qf4 {[%clk 0:08:11]} 28. Ng5+ {[%clk 0:11:10]} Kh6
{[%clk 0:07:45]} 29. Nxe6 {[%clk 0:11:12]} Qxg3 {[%clk 0:08:03]} 30. hxg3
{[%clk 0:11:39]} Rf6 {[%clk 0:06:43]} 31. g4 {[%clk 0:11:16]} Kg6
{[%clk 0:06:52]} 32. g5 {[%clk 0:11:05]} Rf7 {[%clk 0:07:00]} 33. Re1
{[%clk 0:10:26]} Re8 {[%clk 0:06:39]} 34. Bd3+ {[%clk 0:10:45]} 1-0